| 000 | 01076nam a2200313Ia 4500 | ||
|---|---|---|---|
| 005 | 20220317000414.0 | ||
| 008 | 141031s9999 ck 000 0 spa d | ||
| 020 | _a9789586952651 | ||
| 082 | 0 | 4 |
_a342.86 _bM15 |
| 245 | 1 | 4 |
_aManual de constitución y democracia _cNatalia Ángel Cabo [y otros] ; edición a cargo de Ricardo Posada y Henrik López |
| 250 |
_a2a edición _b5a reimpresión |
||
| 300 |
_a318 páginas _c23 cm. |
||
| 500 | _aIncluye glosario | ||
| 504 | _aIncluye bibliografía | ||
| 505 | _av.1 De los derechos | ||
| 650 | 1 | 4 |
_2LEMB _aDerechos civiles |
| 650 | 1 | 4 |
_2LEMB _aDerechos humanos _zColombia |
| 651 | 1 | 4 |
_aColombia _xDerecho constitucional _914671 |
| 700 | 1 |
_aAngel Cabo, Natalia _914672 |
|
| 700 | 1 |
_aLópez, H _914673 |
|
| 700 | 1 |
_aPosada, R. _eeditor _914674 |
|
| 740 | _aV.1 De los derechos | ||
| 942 |
_2ddc _cBK |
||
| 264 |
_aBogotá _bUniversidad de los Andes, Facultad de Derecho _c2011 |
||
| 336 |
_atexto _btxt _2rdacontent |
||
| 337 |
_asin mediación _bn _2rdamedia |
||
| 338 |
_avolumen _bnc _2rdacarrier |
||
| 040 |
_aCO-BoRNBP _bspa _erda _cCO-BoRNBP |
||
| 999 |
_c3951 _d3951 |
||